000 00844nam a2200229Ii 4500
003 JO-AjNU
008 230605s9999||||xx |||||||||||||| ||und||
017 _a3387/9/2010
020 _a978-9957-123-77-2
040 _aJO-AjNU
_bara
_erda
_cJO-AjNU
041 _aara
050 1 4 _aHF5679.2011
100 3 _aوهاب، اسعد محمد علي,
_eauthor
_964037
245 0 0 _aالتقنيات المحوسبة في تدقيق البيانات المالية
250 _aط1
264 3 1 _aعمان: دار اليازوري للنشر والتوزيع، 2011
300 _a213ص
_bتحتوي على جداول توضيحية
336 _atext
_btxt
_2rdacontent
337 _aunmediated
_bn
_2rdamedia
338 _avolume
_bnc
_2rdacarrier
650 4 _aتدقيق حسابات-معالجة البيانات الالكترونية
_964038
999 _aA29077
_c32645
_d32645